| 000 | 00738nam a22002297a 4500 | ||
|---|---|---|---|
| 005 | 20170124105918.0 | ||
| 010 | _aA-946115 | ||
| 020 |
_a8173870845 _c500.00 |
||
| 035 | _aA-946115 | ||
| 037 | _bCen Lib/Ret | ||
| 040 |
_aDPL _bEN |
||
| 082 |
_a306.095411 _bCHA |
||
| 100 |
_aChaudhry, Minakshi _9106781 |
||
| 245 |
_aExploring pangi Himalaya : _ba world beyond civilization / _cby Minakshi Chaudhry |
||
| 260 |
_aDelhi _bIndus Publishing _c1998 |
||
| 270 |
_aFS-5, Tagore Garden _bNew Delhi _e110027 |
||
| 300 |
_a326p. _c22cm(Hb) |
||
| 500 | _aIncludes bibliographical references and index | ||
| 650 |
_aSocial science _9106782 |
||
| 650 |
_aHimalaya Society-Pangi _9106783 |
||
| 942 |
_2ddc _cEN _h306.095411 _mCHA |
||
| 999 |
_c122945 _d122945 |
||